LEADER 01264nas 2200373-a 450 001 996210570803316 005 20240413012807.0 011 $a1972-5671 035 $a(CKB)1000000000026502 035 $a(CONSER)---90649756- 035 $a(DE-599)ZDB2387811-3 035 $a(EXLCZ)991000000000026502 100 $a19900404a19899999 --- - 101 0 $aita 200 00$aIus Ecclesiae $erivista internazionale di diritto canonico 210 $aRoma $cCentro accademico romano della Santa Croce ;$aMilano $cGiuffrè$d[1989?-] 215 $a1 online resource 311 $aPrint version: Ius Ecclesiae : (DLC) 90649756 (OCoLC)21320177 1120-6462 531 $aRIVISTA INTERNAZIONALE DI DIRITTO CANONICO 606 $aCanon law$vPeriodicals 606 $aCanon law$2fast$3(OCoLC)fst00845910 608 $aPeriodicals.$2fast 615 0$aCanon law 615 7$aCanon law. 676 $a262.9/05 712 02$aCentro accademico romano della Santa Croce. 712 02$aAteneo romano della Santa Croce. 712 02$aPontificio Ateneo della Santa Croce. 712 02$aPontificia Università della Santa Croce. 906 $aJOURNAL 912 $a996210570803316 920 $aexl_impl conversion 996 $aIus ecclesiae$9793305 997 $aUNISA LEADER 04011nam 2200613Ia 450 001 9911004824803321 005 20200520144314.0 010 $a0-7844-7187-8 035 $a(CKB)2560000000056163 035 $a(EBL)3115287 035 $a(SSID)ssj0000531001 035 $a(PQKBManifestationID)12192820 035 $a(PQKBTitleCode)TC0000531001 035 $a(PQKBWorkID)10568518 035 $a(PQKB)11129974 035 $a(MiAaPQ)EBC3115287 035 $a(ASCE)10.1061/9780784409008 035 $a(EXLCZ)992560000000056163 100 $a20070418d2007 uy 0 101 0 $aeng 135 $aur|n|---||||| 181 $ctxt 182 $cc 183 $acr 200 00$aGravity sanitary sewer design and construction /$fprepared by a joint task force of the Environmental and Water Resources Institute and the Pipeline Division Committee on Pipeline Planning of the American Society of Civil Engineers and the Collection Systems Subcommittee of the Technical Practice Committee of the Water Environment Federation ; edited by Paul Bizier 205 $a2nd ed. 210 $aReston, VA $cAmerican Society of Civil Engineers $cEnvironmental & Water Resources Institute ;$a[Alexandria, VA] $cWater Environment Federation$dc2007 215 $a1 online resource (437 p.) 225 1 $aASCE manuals and reports on engineering practice ;$vno. 60 225 1 $aWEF manual of practice ;$vno. FD-5 300 $aDescription based upon print version of record. 311 $a0-7844-0900-5 320 $aIncludes bibliographical references and index. 327 $aOrganization and Administration of Sanitary Sewer Projects; Surveys and Investigations; Quantity of Wastewater; Corrosion Processes and Controls in Municipal Wastewater Collection Systems; Hydraulics of Sewers; Design of Sanitary Sewer Systems; Appurtenances and Special Structures; Materials for Sewer Construction; Structural Requirements; Construction Contract Documents; Construction Methods; Trenchless Design and Construction; Index 330 3 $aPrepared by a Joint Task Force of the Environment and Water Resources Institute and the Committee on Pipeline Planning of the Pipeline Division of ASCE and the Collection Systems Subcommittee of the Technical Practice Committee of the Water Environment Federation (WEF) Gravity Sanitary Sewer Design and Construction provides theoretical and practical guidelines for the design and construction of gravity sanitary sewers. This new edition covers the administrative and organizational phases of sanitary sewer projects, as well as the parameters necessary to establish the design criteria, complete the design, and award a construction contract. The manual offers an in-depth discussion of commonly used trenchless and conventional methods of sanitary sewer construction. With its liberal use of charts, illustrations, and case studies, this practical manual is an indispensable resource for engineers in the field of sanitary sewer structural and hydraulic design. 410 0$aManual of practice.$pFD ;$vno. 5. 410 0$aWEF manual of practice ;$vno. FD-5. 606 $aSewerage$xDesign and construction 606 $aSanitary engineering 615 0$aSewerage$xDesign and construction. 615 0$aSanitary engineering. 676 $a628/.2 701 $aBizier$b Paul$01823148 712 02$aJoint Task Force of the Environmental and Water Resources Institute and the Pipeline Division Committee on Pipeline Planning of the American Society of Civil Engineers and the Collection Systems Subcommittee of the Technical Practice Committee of the Water Environment Federation. 712 02$aEnvironmental and Water Resources Institute (U.S.) 712 02$aAmerican Society of Civil Engineers. 712 02$aWater Environment Federation. 801 0$bMiAaPQ 801 1$bMiAaPQ 801 2$bMiAaPQ 906 $aBOOK 912 $a9911004824803321 996 $aGravity sanitary sewer design and construction$94389644 997 $aUNINA